सआदत हसन मंटो दस्तावेज़ (Record no. 1490754)

MARC details
000 -LEADER
fixed length control field 01505 a2200265 4500
005 - DATE AND TIME OF LATEST TRANSACTION
control field 20260311105525.0
008 - FIXED-LENGTH DATA ELEMENTS--GENERAL INFORMATION
fixed length control field 260127b |||||||| |||| 00| 0 eng d
020 ## - INTERNATIONAL STANDARD BOOK NUMBER
International Standard Book Number 9788126728749 (hbk) (सेट)
037 ## - SOURCE OF ACQUISITION
Terms of availability REF
040 ## - CATALOGING SOURCE
Original cataloging agency CRL
Transcribing agency CRL
041 ## - LANGUAGE CODE
Source of code hin
Language code of text/sound track or separate title hin
084 ## - COLON CLASSIFICATION NUMBER
Classification number O168,3N12x N3;Q5.1-.5 (RR)
Assigning agency CRL
100 ## - MAIN ENTRY--PERSONAL NAME
Personal name मंटो, सआदत हसन
9 (RLIN) 898089
245 ## - TITLE STATEMENT
Title सआदत हसन मंटो दस्तावेज़
250 ## - EDITION STATEMENT
Edition statement संस्करण 4
260 ## - PUBLICATION, DISTRIBUTION, ETC.
Place of publication, distribution, etc. नयी दिल्ली, भारत:
Name of publisher, distributor, etc. राजकमल प्रकाशन,
Date of publication, distribution, etc. 2015.
300 ## - PHYSICAL DESCRIPTION
Extent खण्ड 1 (1-475पृ.), खण्ड 2 (1-454पृ.), खण्ड 3 (1-360पृ.), खण्ड 4 (1-368पृ.), खण्ड 5 (1-297पृ.)
365 ## - TRADE PRICE
Price amount 4000.00
Currency code INR
650 ## - SUBJECT ADDED ENTRY--TOPICAL TERM
Topical term or geographic name entry element उर्दू साहित्य
9 (RLIN) 1112081
650 ## - SUBJECT ADDED ENTRY--TOPICAL TERM
Topical term or geographic name entry element उर्दू कहानी
9 (RLIN) 1112082
700 ## - ADDED ENTRY--PERSONAL NAME
Personal name मेनरा, बलराज
Relator term संपादक
9 (RLIN) 1112083
700 ## - ADDED ENTRY--PERSONAL NAME
Personal name दत्त, शरद
Relator term संपादक
9 (RLIN) 1112084
942 ## - ADDED ENTRY ELEMENTS (KOHA)
Koha item type Reference
Source of classification or shelving scheme Colon Classification (CC)
Suppress in OPAC No
Edition संस्करण 4
Classification part O168,3N12x N3;Q5.1-.5 (RR)
Holdings
Withdrawn status Lost status Source of classification or shelving scheme Damaged status Not for loan Home library Current library Date acquired Source of acquisition Cost, normal purchase price Serial Enumeration / chronology Inventory number Total Checkouts Full call number Barcode Date last seen Cost, replacement price Price effective from Koha item type
    Colon Classification (CC)     Central Library Central Library 2026-01-20 117/ एकेडमिक पब्लिकेशन्स 800.00 खंड - 1 कहानियाँ IN-00100 & 2026-01-17   O168,3N12x N3;Q5.1 CL1925512 2026-01-20 4000.00 2026-01-20 Reference
    Colon Classification (CC)     Central Library Central Library 2026-01-16 117/ एकेडमिक पब्लिकेशन्स 800.00 खंड - 2 कहानियाँ IN-00100 & 202601-17   O168,3N12x N3;Q5.2 CL1925513 2026-01-16 4000.00 2026-01-16 Reference
    Colon Classification (CC)     Central Library Central Library 2026-01-16 117/ एकेडमिक पब्लिकेशन्स 800.00 खंड - 3 श्रव्य एवं दृश्य नाटक IN-00100 & 2026-01-17   O168,3N12x N3;Q5.3 CL1925514 2026-01-16 4000.00 2026-01-16 Reference
    Colon Classification (CC)     Central Library Central Library 2026-01-16 117/ एकेडमिक पब्लिकेशन्स 800.00 खंड - 4 मुकदमे, चित्र, निबंध IN-00100 & 2026-01-17   O168,3N12x N3;Q5.4 CL1925515 2026-01-16 4000.00 2026-01-16 Reference
    Colon Classification (CC)     Central Library Central Library 2026-01-16 117/ एकेडमिक पब्लिकेशन्स 800.00 खंड - 5 रेखाचित्र IN-00100 & 2026-01-17   O168,3N12xN3; Q5.5 CL1925516 2026-01-16 4000.00 2026-01-16 Reference
Copyright @ Delhi University Library System